| 000 | 01747nam2a22003371 4500 | ||
|---|---|---|---|
| 001 | v19\rc\1763549 | ||
| 005 | 20250619065122.0 | ||
| 035 | _a(NLR Aleph) 004863209 | ||
| 090 |
_a5030894 _c5030894 |
||
| 100 | _a20061204e19031903|||y0rusy50 ca | ||
| 101 | 0 | _arus | |
| 102 | _aRU | ||
| 105 | _aa z ||||| | ||
| 200 | 1 | _aО сероводородном брожении в Вейсовом соляном озере и об участии микроорганизмов в образовании черного ила (лечебной грязи) | |
| 210 |
_d1903 _aБ. м. |
||
| 215 | _a[2], IV, 98 с., 16 л. ил. | ||
| 311 | _aОтт. из "Тр. Комис. по исслед. Слав. минерал. озер" | ||
| 461 | 0 |
_1001v19\rc\1763548 _12001#$a... Микроорганизмы, как геологические деятели$eI-$fГ.А. Надсон$vI _1700#1$aНадсон$bГ.А.$f1867-1940$gГеоргий Адамович _95030886 _aНадсон, Г.А. (1867-1940) _cСанкт-Петербург _d1903 _fГ.А. Надсон _nтип. П.П. Сойкина _oI- _tМикроорганизмы, как геологические деятели _vI |
|
| 488 | 0 |
_12001#$aТруды Комиссии по исследованию Славянских минеральных озер _tТруды Комиссии по исследованию Славянских минеральных озер |
|
| 801 | 0 |
_aRU _bNLR _gpsbo |
|
| 801 | 0 |
_aRU _bRuMoRGB _2psbo |
|
| 801 | 1 |
_aRU _bProSoft-M _2rusmarc |
|
| 852 |
_aNLR _j38.35.2.4 |
||
| 852 |
_aNLR _j127/2020 |
||
| 899 |
_aRuMoRGB _jA 204/172 |
||
| 899 |
_aRuMoRGB _jA 225/64 |
||
| 899 | _aБАН | ||
| 899 | _aНБ СПбГУ | ||
| 899 | _aНБ МГУ | ||
| 942 | _cBOOK | ||
| 980 | _aNB | ||